01017cam a22002654a 45000010009000000050017000090080041000260100015000670200025000820400018001070420008001250500021001330820021001541000035001752450055002102500012002652600048002773000045003255040066003706500059004368560082004959420012005779990017005899520145006061453871920070531090503.0060907s2007 caua b 001 0 eng  a2006029740 a9781412950299 (pbk.) aDLCcDLCdDLC apcc00aBF713b.M56 200700a155.072222bMIL1 aMiller, Scott A.,d1944-9329710aDevelopmental Research Methods /cScott A. Miller. a3rd ed. aThousand Oaks :bSage Publications,cc2007. a1 v. (various pagings) :bill. ;c27 cm. aIncludes bibliographical references (p. R1- R27) and indexes. 0aDevelopmental psychologyxResearchxMethodology.93298413Table of contents onlyuhttp://www.loc.gov/catdir/toc/ecip071/2006029740.html 2ddccBB c11214d11214 00102ddc40708BaccahaMAINbMAINcLOWd2009-04-07epurchaseg360.00h6993l1o155.072 MILp000015803r2025-12-16 00:00:00s2017-04-03yBB